Countries with W in their Name - Statistics

General Stats
  • This quiz has been taken 1,308 times
    1,264 since last reset
  • The average score is 10 of 12
Answer Stats
Continent Country % Correct
Europe Switzerland
92%
Europe Sweden
91%
Oceania New Zealand
90%
Africa Eswatini (Swaziland)
86%
Africa Zimbabwe
80%
Africa Botswana
79%
Africa Malawi
79%
Africa Rwanda
78%
Europe Norway
76%
Oceania Papua New Guinea
74%
Asia Taiwan
74%
Asia Kuwait
71%
No matching quizzes found
Score Distribution
Percent of People with Each Score
Percentile by Number Answered
Your Score History
You have not taken this quiz since the last reset